000 00405nam a2200181Ia 4500
100 _aGonzalez/Rafael/ Woods/R.E
650 _aimage processing
250 _a2
942 _cBK
366 _f15
654 _aimage processing
245 _aDigital Image Processing
260 _bPearson Education
_aMumbai
_c2002
082 _a621.367/GON
_bGON
300 _a791
546 _aENGLISH
999 _c31387
_d31387